000 01781cam a2200481 a 4500
001 20714
003 VRT
005 20260130135829.0
008 240226s1992 xo a gr 000 f slo
015 _aSNBA1992/10
020 _a8022003778
_q(viazané)
035 _aSNK000012163
035 _a6140E224-8CB6-48CA-9203-A78823535A1A
035 _aurn:nbn:sk:snk-am00igiu
039 9 _a202408281905
_bAUTHORITY
_c202408281904
_dAUTHORITY
_c202408281848
_dAUTHORITY
_c202402262113
_dVLOAD
040 _aSNK
_bslo
_cSNK
_eAACR2
041 1 _aslo
_heng
044 _axo
_cSK
072 7 _a821.111-3
_xAnglická próza, anglicky písaná
_2konspekt
080 _a821.112.5-31
_22011
080 _a821.111-31
_22011
080 _a(0:82-312.4)
_22011
100 1 _aGulik, Robert van,
_d1910-1967
_4aut
240 1 4 _aThe chinese bell murders
_lSlovensky
245 1 0 _aPrípad čínskeho zvona
_cRobert van Gulik ; [z anglického originálu The chinese bell murders ... preložil Ondrej Laurinc]
250 _a1. vyd.
260 _aBratislava
_bSlovenský spisovateľ
_c1992
_eNitra
_fNitrianske tlačiarne
300 _a200 strán
_bilustrácie
_c21 cm
490 1 _aZelená knižnica
500 _aIlustrácia na titulnej strane
655 7 _aholandské romány
_2SNKPH
655 7 _aanglicky písané romány
_2SNKPH
655 7 _adetektívne romány
_2SNKPH
700 1 _aLaurinc, Ondrej
_4trl
830 0 _aZelená knižnica
910 _asnk
942 _2ddc
_cKLDO
_n0
949 _617A0110759
_9P60, <05>, [BOOK], {605}
_asnkSC 82331 D1
949 _617A0949092
_asnkSC 82331
_bsnkKSP 7175/92
_s6100:20221121
949 _63869A00826
_abpksh821.111-31
_bbpksh41800
949 _6273K0191974
_asvkpoA 156937
_bsvkpo387308
_oPV 6120/92
999 _c20714
_d20714